000 01090cam a2200301 a 4500
999 _c1241
_d1241
001 13199296
003 OSt
005 20230310120940.0
008 030515s2003 nyua b 001 0 eng
010 _a 2003049184
020 _a0716749920
040 _aDLC
_cDLC
_dDLC
050 0 0 _aQA303
_b.M338 2003
082 0 0 _a515.65 MAR 2003
_221
100 1 _aMarsden, Jerrold E.; Tromba, Anthony.
_93327
245 1 0 _aVector Calculus
250 _a5th ed.
260 _aNew York :
_bW.H. Freeman,
_c2003.
300 _axxvii, 676 p. :
_bill. ;
_c24 cm.
504 _aIncludes bibliographical references and index.
650 0 _aCalculus.
_9764
650 0 _aVector analysis.
_9717
856 4 2 _3Publisher description
_uhttp://www.loc.gov/catdir/enhancements/fy0906/2003049184-d.html
856 4 1 _3Table of contents only
_uhttp://www.loc.gov/catdir/enhancements/fy0906/2003049184-t.html
906 _a7
_bcbc
_corignew
_d1
_eocip
_f20
_gy-gencatlg
942 _2ddc
_cSLOAN